<?xml version="1.0" encoding="UTF-8"?>
<record
    xmlns:xsi="http://www.w3.org/2001/XMLSchema-instance"
    xsi:schemaLocation="http://www.loc.gov/MARC21/slim http://www.loc.gov/standards/marcxml/schema/MARC21slim.xsd"
    xmlns="http://www.loc.gov/MARC21/slim">

  <leader>00969nam a22002657a 4500</leader>
  <controlfield tag="005">20170123162328.0</controlfield>
  <datafield tag="010" ind1=" " ind2=" ">
    <subfield code="a">A-845666</subfield>
  </datafield>
  <datafield tag="020" ind1=" " ind2=" ">
    <subfield code="c">200.00</subfield>
    <subfield code="a">8126002468</subfield>
  </datafield>
  <datafield tag="035" ind1=" " ind2=" ">
    <subfield code="a">A-845666</subfield>
  </datafield>
  <datafield tag="037" ind1=" " ind2=" ">
    <subfield code="b">Cen Lib/Ret</subfield>
  </datafield>
  <datafield tag="040" ind1=" " ind2=" ">
    <subfield code="a">DPL</subfield>
    <subfield code="b">UR</subfield>
  </datafield>
  <datafield tag="082" ind1=" " ind2=" ">
    <subfield code="a">&#x646;</subfield>
    <subfield code="b">&#x62F; &#x6AF; &#x644;</subfield>
  </datafield>
  <datafield tag="100" ind1=" " ind2=" ">
    <subfield code="a">&#x62F;&#x6AF;&#x644;&#x60C; &#x6A9;&#x631;&#x62A;&#x627;&#x631; &#x633;&#x646;&#x6AF;&#x6BE; </subfield>
    <subfield code="9">120033</subfield>
  </datafield>
  <datafield tag="245" ind1=" " ind2=" ">
    <subfield code="a">&#x62D;&#x627;&#x644; &#x645;&#x631;&#x62F;&#x648;&#x6BA; &#x6A9;&#x627; /</subfield>
    <subfield code="c"> &#x6A9;&#x631;&#x62A;&#x627;&#x631; &#x633;&#x646;&#x6AF;&#x6BE; &#x62F;&#x6AF;&#x644; &#x61B; &#x645;&#x631;&#x62A;&#x62C;&#x645; &#x631;&#x62A;&#x646; &#x633;&#x646;&#x6AF;&#x6BE; </subfield>
  </datafield>
  <datafield tag="246" ind1=" " ind2=" ">
    <subfield code="a">Haal muridon ka /</subfield>
    <subfield code="b">by Kartar Singh Duggal ; translated by Ratan Singh </subfield>
  </datafield>
  <datafield tag="260" ind1=" " ind2=" ">
    <subfield code="a">&#x646;&#x6CC;&#x6CC; &#x62F;&#x6C1;&#x644;&#x6CC; </subfield>
    <subfield code="b">&#x633;&#x627;&#x6C1;&#x62A;&#x6CC;&#x6C1; &#x627;&#x6A9;&#x62F;&#x645;&#x6CC; </subfield>
    <subfield code="c">1997</subfield>
  </datafield>
  <datafield tag="270" ind1=" " ind2=" ">
    <subfield code="b">&#x646;&#x6CC;&#x6CC; &#x62F;&#x6C1;&#x644;&#x6CC; </subfield>
    <subfield code="a">&#x631;&#x627;&#x624;&#x646;&#x688;&#x631; &#x628;&#x6BE;&#x648;&#x646; &#x663;&#x665;. &#x641;&#x6CC;&#x631;&#x648;&#x632; &#x634;&#x627;&#x6C1; &#x645;&#x627;&#x631;&#x6AF;  </subfield>
    <subfield code="e">110001</subfield>
  </datafield>
  <datafield tag="300" ind1=" " ind2=" ">
    <subfield code="a">524p.</subfield>
    <subfield code="c">21cm(Hb)</subfield>
  </datafield>
  <datafield tag="650" ind1=" " ind2=" ">
    <subfield code="a">&#x627;&#x62F;&#x628; - &#x67E;&#x646;&#x62C;&#x627;&#x628;&#x6CC;</subfield>
    <subfield code="9">120034</subfield>
  </datafield>
  <datafield tag="650" ind1=" " ind2=" ">
    <subfield code="a"> &#x67E;&#x646;&#x62C;&#x627;&#x628;&#x6CC;-- &#x627;&#x631;&#x62F;&#x648; &#x646;&#x627;&#x648;&#x644;</subfield>
    <subfield code="9">118622</subfield>
  </datafield>
  <datafield tag="650" ind1=" " ind2=" ">
    <subfield code="a">Litrerature -- Punjabi</subfield>
    <subfield code="9">120035</subfield>
  </datafield>
  <datafield tag="650" ind1=" " ind2=" ">
    <subfield code="a">Urdu novel (Punjabi)</subfield>
    <subfield code="9">120036</subfield>
  </datafield>
  <datafield tag="700" ind1=" " ind2=" ">
    <subfield code="a">&#x631;&#x62A;&#x646; &#x633;&#x646;&#x6AF;&#x6BE; </subfield>
    <subfield code="9">120037</subfield>
  </datafield>
  <datafield tag="942" ind1=" " ind2=" ">
    <subfield code="2">ddc</subfield>
    <subfield code="c">UR</subfield>
    <subfield code="h">&#x646;</subfield>
    <subfield code="m">&#x62F; &#x6AF; &#x644;</subfield>
  </datafield>
  <datafield tag="999" ind1=" " ind2=" ">
    <subfield code="c">107550</subfield>
    <subfield code="d">107550</subfield>
  </datafield>
  <datafield tag="952" ind1=" " ind2=" ">
    <subfield code="0">0</subfield>
    <subfield code="1">0</subfield>
    <subfield code="4">0</subfield>
    <subfield code="7">0</subfield>
    <subfield code="a">L</subfield>
    <subfield code="b">L</subfield>
    <subfield code="d">2016-01-08</subfield>
    <subfield code="e">Cen Lib/Ret</subfield>
    <subfield code="g">200.00</subfield>
    <subfield code="l">0</subfield>
    <subfield code="o">&#x646; &#x62F; &#x6AF; &#x644;</subfield>
    <subfield code="p">A-845666</subfield>
    <subfield code="r">2016-01-08 00:00:00</subfield>
    <subfield code="t">1</subfield>
    <subfield code="v">200.00</subfield>
    <subfield code="w">2016-01-08</subfield>
    <subfield code="y">UR</subfield>
  </datafield>
</record>
